000 00443nam a2200193Ia 4500
005 20240823040317.0
008 240823s9999||||xx |||||||||||||| ||und||
020 _a978-81-237-0249-0
041 _aENGLISH
082 _A954.035 Q1
100 _aBipan Chandra et al.
245 0 _aFreedom Struggle
250 _a1st
260 _c2011
_bNational Book
500 _aYES
650 _aGeneral
_bGeneral
942 _cBK
999 _c202793
_d202793